[Event "MPJ-Blitz-D12"]
[Site "Katowice"]
[Date "2015.08.08"]
[Round "9.4"]
[White "Czarniecka, Aleksandra"]
[Black "Vanduyfhuys, Daria"]
[Result "1-0"]
[BlackElo "1198"]
[WhiteElo "1350"]

1. e4 {[%clk 0:03:03]} c5 {[%clk 0:03:03]} 2. Nf3 {[%clk 0:03:04]} Nc6 3. d4 cxd4
{[%clk 0:03:05]} 4. Nxd4 {[%clk 0:03:07]} e5 {[%clk 0:03:07]} 5. Nb5
{[%clk 0:03:08]} d6 {[%clk 0:03:08]} 6. N1c3 {[%clk 0:03:06]} a6 {[%clk 0:03:07]}
7. Na3 {[%clk 0:03:07]} b5 {[%clk 0:03:06]} 8. Nd5 {[%clk 0:03:07]} Nf6
{[%clk 0:02:48]} 9. Bg5 {[%clk 0:03:08]} Be7 {[%clk 0:02:49]} 10. Bxf6
{[%clk 0:03:08]} gxf6 {[%clk 0:02:48]} 11. c3 {[%clk 0:03:02]} Be6
{[%clk 0:02:18]} 12. Nc2 {[%clk 0:02:59]} f5 {[%clk 0:02:12]} 13. Nxe7
{[%clk 0:02:48]} Qxe7 {[%clk 0:02:13]} 14. exf5 {[%clk 0:02:42]} Bxf5
{[%clk 0:02:13]} 15. Ne3 {[%clk 0:02:42]} Be6 {[%clk 0:01:57]} 16. Nd5
{[%clk 0:02:28]} Qa7 {[%clk 0:01:26]} 17. Nf6+ {[%clk 0:01:54]} Ke7
{[%clk 0:01:23]} 18. Nd5+ {[%clk 0:01:55]} Bxd5 {[%clk 0:01:18]} 19. Qxd5
{[%clk 0:01:56]} Qc5 {[%clk 0:01:17]} 20. Qd2 {[%clk 0:01:37]} h6
{[%clk 0:00:58]} 21. O-O-O {[%clk 0:01:36]} Rad8 {[%clk 0:00:46]} 22. Kb1
{[%clk 0:01:36]} f6 {[%clk 0:00:19]} 23. Bd3 {[%clk 0:01:27]} a5 {[%clk 0:00:05]}
24. f4 {[%clk 0:01:08]} b4 {[%clk 0:00:05]} 25. Rc1 {[%clk 0:00:55]} 1-0

[Event "MPJ-Blitz-D12"]
[Site "Katowice"]
[Date "2015.08.08"]
[Round "9.5"]
[White "Budkiewicz, Magdalena"]
[Black "Dylag, Emilia"]
[Result "1/2-1/2"]
[BlackElo "1454"]
[WhiteElo "1412"]

1. e4 c5 2. Nf3 Nc6 3. d4 cxd4 4. Nxd4 g6 5. Nc3 Bg7 6. Be3 Nf6 7. Bc4 Qa5 8. O-O
d6 9. f4 O-O 10. Kh1 Bd7 11. Bb3 Ng4 12. Bg1 Nxd4 13. Bxd4 Bxd4 14. Qxd4 Bb5 15.
Nxb5 Qxb5 16. h3 Nf6 17. Qd3 Qxd3 18. cxd3 Rac8 19. Rac1 Kg7 20. Rc4 Rxc4 21.
Bxc4 e6 22. Bb3 Rc8 23. Kh2 d5 24. e5 Nd7 25. Kg3 Nb6 26. Kf3 h5 27. g4 hxg4+ 28.
hxg4 Kf8 29. Ke3 Ke7 30. Kd4 Kd7 31. Rh1 Ke7 32. Rf1 {[%clk 0:00:43]} 1/2-1/2

[Event "MPJ-Blitz-D12"]
[Site "Katowice"]
[Date "2015.08.08"]
[Round "10.1"]
[White "Waszczuk, Patrycja"]
[Black "Adamczyk, Zuzanna"]
[Result "1-0"]
[BlackElo "1394"]
[WhiteElo "1481"]

1. e4 {[%clk 0:03:03]} c5 {[%clk 0:03:04]} 2. Nf3 {[%clk 0:03:04]} a6
{[%clk 0:03:05]} 3. c4 {[%clk 0:03:05]} d6 {[%clk 0:03:03]} 4. d4
{[%clk 0:03:06]} cxd4 {[%clk 0:03:04]} 5. Nxd4 {[%clk 0:03:07]} e5
{[%clk 0:03:05]} 6. Nf3 {[%clk 0:03:01]} Nc6 {[%clk 0:03:04]} 7. Nc3
{[%clk 0:03:00]} Nf6 {[%clk 0:03:04]} 8. Bg5 {[%clk 0:03:01]} Be7
{[%clk 0:03:04]} 9. Bxf6 {[%clk 0:02:30]} Bxf6 {[%clk 0:03:03]} 10. Nd5
{[%clk 0:02:31]} O-O {[%clk 0:02:52]} 11. Be2 {[%clk 0:02:32]} Be6
{[%clk 0:02:31]} 12. O-O {[%clk 0:02:30]} Rc8 {[%clk 0:02:30]} 13. Rc1
{[%clk 0:02:28]} Kh8 {[%clk 0:02:09]} 14. h3 {[%clk 0:02:25]} h6 {[%clk 0:02:04]}
15. a3 {[%clk 0:02:22]} Rg8 {[%clk 0:01:55]} 16. Qd2 {[%clk 0:02:00]} Bxd5
{[%clk 0:01:39]} 17. cxd5 {[%clk 0:01:57]} Ne7 {[%clk 0:01:32]} 18. Rxc8
{[%clk 0:01:44]} Qxc8 {[%clk 0:01:16]} 19. Rc1 {[%clk 0:01:45]} Qd7
{[%clk 0:01:17]} 20. Qb4 {[%clk 0:01:34]} g5 {[%clk 0:01:04]} 21. Nd2
{[%clk 0:01:16]} Rc8 {[%clk 0:00:54]} 22. Rxc8+ {[%clk 0:01:08]} Nxc8
{[%clk 0:00:53]} 23. Bg4 {[%clk 0:01:07]} Qc7 {[%clk 0:00:34]} 24. Bxc8
{[%clk 0:01:02]} Qxc8 {[%clk 0:00:34]} 25. Qxd6 {[%clk 0:01:00]} Bg7
{[%clk 0:00:33]} 26. Kh2 {[%clk 0:00:48]} Qc1 {[%clk 0:00:22]} 27. Qb4
{[%clk 0:00:38]} Qe1 {[%clk 0:00:14]} 28. d6 {[%clk 0:00:26]} Qxf2
{[%clk 0:00:05]} 29. Nf3 {[%clk 0:00:15]} 1-0

[Event "MPJ-Blitz-D12"]
[Site "Katowice"]
[Date "2015.08.08"]
[Round "10.2"]
[White "Jarocka, Liwia"]
[Black "Harazinska, Magdalena"]
[Result "0-1"]
[BlackElo "1499"]
[WhiteElo "1510"]

1. e4 {[%clk 0:03:04]} c5 {[%clk 0:03:04]} 2. Nf3 {[%clk 0:03:05]} e6
{[%clk 0:03:05]} 3. d4 {[%clk 0:03:06]} cxd4 {[%clk 0:03:07]} 4. Nxd4
{[%clk 0:03:07]} a6 {[%clk 0:03:08]} 5. Nc3 {[%clk 0:03:08]} Qc7 {[%clk 0:03:10]}
6. Be3 {[%clk 0:03:09]} Bb4 {[%clk 0:03:11]} 7. Nde2 {[%clk 0:03:06]} Nf6
{[%clk 0:03:12]} 8. f3 {[%clk 0:03:08]} d5 {[%clk 0:03:12]} 9. exd5
{[%clk 0:03:06]} Nxd5 {[%clk 0:03:13]} 10. Bd2 {[%clk 0:03:05]} Nxc3
{[%clk 0:03:13]} 11. Nxc3 {[%clk 0:03:06]} O-O {[%clk 0:03:12]} 12. Be2
{[%clk 0:03:07]} Nc6 {[%clk 0:03:13]} 13. O-O {[%clk 0:03:07]} b5
{[%clk 0:03:06]} 14. a3 {[%clk 0:03:08]} Bc5+ {[%clk 0:03:07]} 15. Kh1
{[%clk 0:03:07]} Bb7 {[%clk 0:03:06]} 16. Ne4 {[%clk 0:03:07]} Bd4
{[%clk 0:03:05]} 17. c3 {[%clk 0:03:04]} Bb6 {[%clk 0:03:04]} 18. Rc1
{[%clk 0:02:53]} Rfd8 {[%clk 0:02:57]} 19. Qc2 {[%clk 0:02:54]} Rac8
{[%clk 0:02:55]} 20. Bd3 {[%clk 0:02:44]} Qd7 {[%clk 0:02:45]} 21. Nf2
{[%clk 0:02:14]} Bxf2 {[%clk 0:02:43]} 22. Bxh7+ {[%clk 0:02:15]} Kh8
{[%clk 0:02:41]} 23. Rxf2 {[%clk 0:02:16]} g6 {[%clk 0:02:39]} 24. Bxg6
{[%clk 0:02:16]} fxg6 {[%clk 0:02:39]} 25. Qxg6 {[%clk 0:02:17]} e5
{[%clk 0:02:30]} 26. Qh6+ {[%clk 0:02:14]} Qh7 {[%clk 0:02:30]} 27. Qf6+
{[%clk 0:02:06]} Qg7 {[%clk 0:02:29]} 28. Qh4+ {[%clk 0:02:03]} Qh7
{[%clk 0:02:24]} 29. Qf6+ {[%clk 0:01:52]} Qg7 {[%clk 0:02:25]} 30. Qh4+
{[%clk 0:01:33]} Kg8 {[%clk 0:02:26]} 31. Bh6 {[%clk 0:01:27]} Qg6
{[%clk 0:02:13]} 32. Bg5 {[%clk 0:01:27]} Rd3 {[%clk 0:01:54]} 33. h3
{[%clk 0:01:25]} Nd4 {[%clk 0:01:32]} 34. Re1 {[%clk 0:01:09]} Nf5
{[%clk 0:01:26]} 35. Qg4 {[%clk 0:01:06]} Rc4 {[%clk 0:01:22]} 36. f4
{[%clk 0:00:58]} Rg3 37. Qe2 {[%clk 0:00:49]} Rxh3+ {[%clk 0:01:20]} 38. Kg1
{[%clk 0:00:48]} Re3 {[%clk 0:01:18]} 39. Qd2 {[%clk 0:00:41]} Rxe1+
{[%clk 0:01:18]} 40. Qxe1 {[%clk 0:00:42]} exf4 {[%clk 0:01:15]} 41. Bxf4
{[%clk 0:00:42]} Rxf4 {[%clk 0:00:56]} 42. Qe5 {[%clk 0:00:33]} Rxf2
{[%clk 0:00:54]} 43. Qb8+ {[%clk 0:00:32]} Kh7 {[%clk 0:00:54]} 44. Qxb7+
{[%clk 0:00:31]} Kh6 {[%clk 0:00:41]} 45. Kxf2 {[%clk 0:00:31]} Qg3+
{[%clk 0:00:41]} 46. Kg1 {[%clk 0:00:26]} Kg5 {[%clk 0:00:42]} 47. Qc8
{[%clk 0:00:15]} Kf4 {[%clk 0:00:27]} 48. Qc7+ {[%clk 0:00:14]} Kg4
{[%clk 0:00:29]} 49. Qxg3+ {[%clk 0:00:15]} Kxg3 {[%clk 0:00:30]} 50. b3
{[%clk 0:00:16]} Ne3 {[%clk 0:00:30]} 51. a4 {[%clk 0:00:10]} bxa4
{[%clk 0:00:30]} 52. bxa4 {[%clk 0:00:11]} Nxg2 {[%clk 0:00:30]} 53. Kf1
{[%clk 0:00:11]} Ne3+ {[%clk 0:00:31]} 54. Ke2 {[%clk 0:00:13]} Kf4
{[%clk 0:00:32]} 55. Kd3 {[%clk 0:00:14]} Nd5 {[%clk 0:00:32]} 56. Kc4
{[%clk 0:00:12]} Ke5 {[%clk 0:00:33]} 57. Kb3 {[%clk 0:00:04]} Kd6
{[%clk 0:00:32]} 58. c4 {[%clk 0:00:05]} Nb6 {[%clk 0:00:32]} 59. Kb4
{[%clk 0:00:06]} Kc6 {[%clk 0:00:31]} 60. c5 {[%clk 0:00:07]} Nd5+
{[%clk 0:00:30]} 61. Ka5 {[%clk 0:00:09]} Kb7 {[%clk 0:00:21]} 62. c6+
{[%clk 0:00:10]} Ka7 {[%clk 0:00:21]} 63. c7 {[%clk 0:00:08]} Nxc7 64. Kb4 Nd5+
{[%clk 0:00:22]} 65. Kc4 {[%clk 0:00:11]} Ne3+ {[%clk 0:00:22]} 66. Kb4
{[%clk 0:00:12]} Kb6 {[%clk 0:00:23]} 67. a5+ {[%clk 0:00:14]} Kc6
{[%clk 0:00:25]} 0-1

[Event "MPJ-Blitz-D12"]
[Site "Katowice"]
[Date "2015.08.08"]
[Round "10.3"]
[White "Czarnecka, Lidia"]
[Black "Malicka, Maria"]
[Result "0-1"]
[BlackElo "1365"]
[WhiteElo "1459"]

1. e4 {[%clk 0:03:03]} e5 {[%clk 0:03:02]} 2. Nf3 {[%clk 0:03:04]} Nc6
{[%clk 0:03:03]} 3. d4 {[%clk 0:03:05]} exd4 {[%clk 0:03:04]} 4. Nxd4
{[%clk 0:03:06]} Bc5 {[%clk 0:03:05]} 5. Be3 {[%clk 0:03:07]} Nxd4 6. Bxd4
{[%clk 0:03:08]} Bxd4 {[%clk 0:03:02]} 7. Qxd4 {[%clk 0:03:10]} Qf6
{[%clk 0:02:58]} 8. c3 {[%clk 0:03:10]} d6 {[%clk 0:02:45]} 9. Bc4
{[%clk 0:03:08]} Be6 {[%clk 0:02:44]} 10. Bxe6 {[%clk 0:03:06]} fxe6
{[%clk 0:02:38]} 11. O-O {[%clk 0:03:06]} Qxd4 {[%clk 0:02:32]} 12. cxd4
{[%clk 0:03:07]} Nf6 {[%clk 0:02:32]} 13. Nc3 {[%clk 0:03:07]} O-O
{[%clk 0:02:22]} 14. f3 {[%clk 0:03:07]} a6 {[%clk 0:02:17]} 15. Rac1
{[%clk 0:03:07]} Rf7 {[%clk 0:02:09]} 16. Rc2 {[%clk 0:03:03]} d5
{[%clk 0:01:53]} 17. e5 {[%clk 0:02:55]} Nh5 {[%clk 0:01:22]} 18. Ne2
{[%clk 0:02:38]} c6 {[%clk 0:01:17]} 19. Rc3 {[%clk 0:02:36]} Nf4
{[%clk 0:01:16]} 20. Nxf4 {[%clk 0:02:30]} Rxf4 {[%clk 0:01:17]} 21. Rd1
{[%clk 0:02:31]} Raf8 {[%clk 0:01:10]} 22. Rb3 {[%clk 0:02:32]} R8f7
{[%clk 0:01:06]} 23. Rdd3 {[%clk 0:02:24]} Kf8 {[%clk 0:01:01]} 24. g3
{[%clk 0:02:14]} R4f5 {[%clk 0:01:01]} 25. Kg2 {[%clk 0:02:15]} Ke8
{[%clk 0:00:52]} 26. Rb6 {[%clk 0:02:13]} Kd8 {[%clk 0:00:44]} 27. Rdb3
{[%clk 0:02:12]} Kc8 {[%clk 0:00:45]} 28. Rc3 {[%clk 0:02:07]} h5
{[%clk 0:00:34]} 29. Rbb3 {[%clk 0:02:02]} g5 {[%clk 0:00:25]} 30. Re3
{[%clk 0:01:59]} Kc7 {[%clk 0:00:24]} 31. Rbc3 {[%clk 0:01:59]} Kc8
{[%clk 0:00:23]} 32. Rc1 {[%clk 0:01:55]} Kc7 {[%clk 0:00:18]} 33. Rh1
{[%clk 0:01:47]} Kb6 {[%clk 0:00:17]} 34. Rb3+ {[%clk 0:01:48]} Kc7
{[%clk 0:00:16]} 35. Rc3 {[%clk 0:01:39]} b6 {[%clk 0:00:17]} 36. Rhc1
{[%clk 0:01:39]} Kb7 {[%clk 0:00:14]} 37. Rxc6 {[%clk 0:01:33]} Rxf3
{[%clk 0:00:15]} 38. R1c2 {[%clk 0:01:35]} Rd3 {[%clk 0:00:12]} 39. Rxe6
{[%clk 0:01:34]} Rxd4 {[%clk 0:00:14]} 40. Rg6 {[%clk 0:01:24]} g4
{[%clk 0:00:12]} 41. e6 {[%clk 0:01:24]} Re7 {[%clk 0:00:13]} 42. Re2
{[%clk 0:01:25]} Re4 {[%clk 0:00:11]} 43. Rxe4 {[%clk 0:01:18]} dxe4
{[%clk 0:00:12]} 44. Kf2 {[%clk 0:01:19]} Kc6 {[%clk 0:00:13]} 45. Ke3
{[%clk 0:01:20]} Kd5 {[%clk 0:00:14]} 46. Rg5+ {[%clk 0:01:21]} Kxe6 47. Rxh5
{[%clk 0:01:20]} Kf7 {[%clk 0:00:09]} 48. Rg5 {[%clk 0:01:20]} Rc7
{[%clk 0:00:07]} 49. Kxe4 {[%clk 0:01:20]} Rc2 {[%clk 0:00:08]} 50. Rxg4
{[%clk 0:01:19]} Rxb2 {[%clk 0:00:09]} 51. h4 {[%clk 0:01:19]} Rxa2
{[%clk 0:00:10]} 52. h5 Re2+ {[%clk 0:00:09]} 53. Kf3 {[%clk 0:01:16]} Rh2
{[%clk 0:00:09]} 54. Rg5 {[%clk 0:01:16]} b5 {[%clk 0:00:09]} 55. g4
{[%clk 0:01:17]} b4 56. Rg6 {[%clk 0:01:13]} a5 {[%clk 0:00:09]} 57. Ra6
{[%clk 0:01:14]} Ra2 {[%clk 0:00:06]} 58. h6 {[%clk 0:01:12]} b3 {[%clk 0:00:06]}
59. Rb6 {[%clk 0:01:12]} b2 {[%clk 0:00:07]} 60. g5 {[%clk 0:01:13]} a4
{[%clk 0:00:06]} 61. g6+ {[%clk 0:01:14]} Kg8 {[%clk 0:00:07]} 62. Rb8# 0-1

[Event "MPJ-Blitz-D12"]
[Site "Katowice"]
[Date "2015.08.08"]
[Round "10.4"]
[White "Vanduyfhuys, Daria"]
[Black "Czarniecka, Aleksandra"]
[Result "0-1"]
[BlackElo "1350"]
[WhiteElo "1198"]

1. e4 c5 2. Nf3 d6 3. d4 {[%clk 0:03:02]} cxd4 {[%clk 0:03:05]} 4. Nxd4
{[%clk 0:03:03]} Nf6 {[%clk 0:03:06]} 5. Nc3 {[%clk 0:03:03]} a6 {[%clk 0:03:08]}
6. Be2 {[%clk 0:03:00]} e6 {[%clk 0:03:09]} 7. O-O Be7 8. Be3 {[%clk 0:02:56]}
Qc7 {[%clk 0:03:11]} 9. f3 {[%clk 0:02:31]} O-O {[%clk 0:03:10]} 10. Bf2
{[%clk 0:02:31]} b5 {[%clk 0:03:11]} 11. a3 {[%clk 0:02:31]} Bb7 {[%clk 0:03:12]}
12. Qd2 {[%clk 0:02:29]} Nbd7 {[%clk 0:03:13]} 13. Nb3 {[%clk 0:02:23]} Ne5
{[%clk 0:03:14]} 14. Rad1 {[%clk 0:02:17]} Rac8 {[%clk 0:03:11]} 15. Kh1
{[%clk 0:02:14]} Rfd8 {[%clk 0:03:11]} 16. Qe3 {[%clk 0:02:02]} Nc4
{[%clk 0:02:57]} 17. Bxc4 {[%clk 0:02:02]} Qxc4 {[%clk 0:02:58]} 18. Qd4
{[%clk 0:01:59]} Qc7 {[%clk 0:02:50]} 19. Qb6 {[%clk 0:01:58]} Qb8
{[%clk 0:02:36]} 20. Na5 {[%clk 0:01:47]} Rd7 {[%clk 0:02:01]} 21. Nxb7
{[%clk 0:01:34]} Rxb7 {[%clk 0:02:00]} 22. Qxa6 {[%clk 0:01:23]} b4
{[%clk 0:01:42]} 23. axb4 {[%clk 0:00:55]} Rxb4 {[%clk 0:01:43]} 24. Qa7
{[%clk 0:00:35]} Qxa7 {[%clk 0:01:37]} 25. Bxa7 {[%clk 0:00:36]} Rxb2
{[%clk 0:01:38]} 26. Ne2 {[%clk 0:00:22]} Rbxc2 {[%clk 0:01:36]} 27. Nd4
{[%clk 0:00:16]} Ra2 {[%clk 0:01:31]} 28. Ra1 {[%clk 0:00:07]} Rxa1
{[%clk 0:01:22]} 29. Rxa1 {[%clk 0:00:08]} d5 {[%clk 0:01:20]} 30. exd5
{[%clk 0:00:08]} Nxd5 {[%clk 0:01:22]} 31. Ne2 {[%clk 0:00:04]} h6
{[%clk 0:01:19]} 32. Bd4 {[%clk 0:00:04]} Rc2 {[%clk 0:01:15]} 33. Re1
{[%clk 0:00:05]} Bc5 {[%clk 0:01:05]} 34. Bxc5 {[%clk 0:00:05]} Rxc5
{[%clk 0:01:06]} 35. Ng3 {[%clk 0:00:03]} Rc2 {[%clk 0:01:03]} 36. Kg1
{[%clk 0:00:04]} Nf4 {[%clk 0:01:03]} 0-1

[Event "MPJ-Blitz-D12"]
[Site "Katowice"]
[Date "2015.08.08"]
[Round "10.5"]
[White "Dylag, Emilia"]
[Black "Budkiewicz, Magdalena"]
[Result "1/2-1/2"]
[BlackElo "1412"]
[WhiteElo "1454"]

1. d4 d5 2. Nf3 Nc6 3. e3 Bf5 4. Bd3 Bxd3 5. Qxd3 Nf6 6. Nbd2 e6 7. O-O Bd6 8. b3
O-O 9. a3 Qe7 10. Bb2 a6 11. Ne5 Bxe5 12. dxe5 Nd7 13. f4 Rac8 14. Qe2 Rfd8 15.
Rf3 Nb6 16. Rh3 d4 17. Qh5 h6 18. exd4 Nxd4 19. Ne4 Nxc2 20. Rc1 Nd4 21. Rg3 Nf5
22. Rg4 Ne3 23. Rg3 Nf5 24. Rg4 Ne3 25. Nf6+ Kf8 26. Rg3 1/2-1/2

[Event "MPJ-Blitz-D12"]
[Site "Katowice"]
[Date "2015.08.15"]
[Round "11.1"]
[White "Waszczuk, Patrycja"]
[Black "Czarniecka, Aleksandra"]
[Result "1/2-1/2"]
[BlackElo "1350"]
[WhiteElo "1481"]

1. e4 {[%clk 0:03:03]} c5 {[%clk 0:03:04]} 2. Nf3 {[%clk 0:03:04]} d6
{[%clk 0:03:06]} 3. d4 {[%clk 0:03:05]} cxd4 {[%clk 0:03:07]} 4. Nxd4 Nf6 5. Nc3
a6 6. Bg5 {[%clk 0:03:07]} e6 {[%clk 0:03:11]} 7. f4 Qb6 8. Qd2 {[%clk 0:03:06]}
Nc6 {[%clk 0:03:13]} 9. Nb3 {[%clk 0:03:01]} Be7 {[%clk 0:03:13]} 10. O-O-O
{[%clk 0:02:59]} Qc7 {[%clk 0:03:14]} 11. Bd3 {[%clk 0:02:50]} b5
{[%clk 0:03:15]} 12. Rhe1 {[%clk 0:02:45]} Bb7 {[%clk 0:03:17]} 13. Qe2
{[%clk 0:02:43]} O-O {[%clk 0:03:16]} 14. e5 {[%clk 0:02:38]} dxe5
{[%clk 0:03:05]} 15. fxe5 {[%clk 0:02:39]} Ne8 {[%clk 0:03:05]} 16. Bxe7
{[%clk 0:02:00]} Nxe7 {[%clk 0:03:02]} 17. Qg4 {[%clk 0:01:41]} Nd5
{[%clk 0:02:46]} 18. Nxd5 {[%clk 0:01:38]} Bxd5 {[%clk 0:02:47]} 19. Re3
{[%clk 0:01:34]} f5 {[%clk 0:02:26]} 20. exf6 {[%clk 0:01:27]} Nxf6
{[%clk 0:02:27]} 21. Qe2 {[%clk 0:01:25]} Kh8 {[%clk 0:02:22]} 22. g4
{[%clk 0:01:24]} Nd7 {[%clk 0:01:56]} 23. Rh3 {[%clk 0:01:21]} h6
{[%clk 0:01:44]} 24. Kb1 {[%clk 0:01:18]} Qf4 {[%clk 0:01:41]} 25. Rf1
{[%clk 0:00:49]} Qe5 {[%clk 0:01:35]} 26. Qxe5 {[%clk 0:00:43]} Nxe5
{[%clk 0:01:36]} 27. g5 {[%clk 0:00:31]} Nxd3 {[%clk 0:01:33]} 28. Rxf8+
{[%clk 0:00:31]} Rxf8 {[%clk 0:01:33]} 29. cxd3 {[%clk 0:00:32]} Bxb3
{[%clk 0:01:25]} 30. axb3 {[%clk 0:00:32]} Kh7 {[%clk 0:01:26]} 31. gxh6
{[%clk 0:00:33]} gxh6 {[%clk 0:01:28]} 32. Kc2 {[%clk 0:00:33]} Kg6
{[%clk 0:01:26]} 33. Kc3 {[%clk 0:00:34]} Rc8+ {[%clk 0:01:26]} 34. Kd2
{[%clk 0:00:31]} Rf8 {[%clk 0:01:26]} 35. Ke3 {[%clk 0:00:32]} Rf1
{[%clk 0:01:24]} 36. Kd4 {[%clk 0:00:30]} Rf2 {[%clk 0:01:21]} 37. Kc3
{[%clk 0:00:30]} Rf8 {[%clk 0:01:20]} 38. Kb4 {[%clk 0:00:28]} Rf2
{[%clk 0:01:20]} 39. Kc3 {[%clk 0:00:25]} Rf8 {[%clk 0:01:20]} 40. Kb4
{[%clk 0:00:26]} Rf2 {[%clk 0:01:22]} 41. Kc3 {[%clk 0:00:27]} Rf8
{[%clk 0:01:23]} 1/2-1/2

[Event "MPJ-Blitz-D12"]
[Site "Katowice"]
[Date "2015.08.15"]
[Round "11.2"]
[White "Czarnecka, Lidia"]
[Black "Harazinska, Magdalena"]
[Result "0-1"]
[BlackElo "1499"]
[WhiteElo "1459"]

1. e4 c5 2. Nf3 {[%clk 0:03:04]} e6 {[%clk 0:03:06]} 3. d4 cxd4 4. Nxd4
{[%clk 0:03:06]} a6 {[%clk 0:03:09]} 5. Bd3 {[%clk 0:03:06]} Qc7 {[%clk 0:03:10]}
6. O-O {[%clk 0:03:02]} Nf6 {[%clk 0:03:10]} 7. c3 {[%clk 0:02:56]} Be7
{[%clk 0:02:53]} 8. Be3 {[%clk 0:02:55]} O-O {[%clk 0:02:52]} 9. Nd2
{[%clk 0:02:56]} d6 {[%clk 0:02:48]} 10. Qc2 {[%clk 0:02:50]} Nbd7
{[%clk 0:02:44]} 11. Rac1 {[%clk 0:02:36]} Nc5 {[%clk 0:02:38]} 12. Be2
{[%clk 0:02:28]} b6 {[%clk 0:02:32]} 13. f3 {[%clk 0:02:28]} Bb7 {[%clk 0:02:32]}
14. N2b3 {[%clk 0:02:25]} Nxb3 {[%clk 0:02:22]} 15. Qxb3 {[%clk 0:02:19]} d5
{[%clk 0:02:20]} 16. exd5 {[%clk 0:02:10]} Nxd5 {[%clk 0:02:20]} 17. Bf2
{[%clk 0:02:06]} Bd6 {[%clk 0:02:12]} 18. h3 {[%clk 0:02:01]} Bf4
{[%clk 0:02:04]} 19. Rcd1 {[%clk 0:01:48]} Be3 {[%clk 0:02:03]} 20. c4
{[%clk 0:01:38]} Bxf2+ {[%clk 0:01:55]} 21. Rxf2 {[%clk 0:01:36]} Nf4
{[%clk 0:01:53]} 22. Bf1 {[%clk 0:01:32]} Rfd8 {[%clk 0:01:40]} 23. Rfd2
{[%clk 0:01:33]} Qc5 {[%clk 0:01:32]} 24. Kh1 {[%clk 0:01:29]} Qc7
{[%clk 0:01:07]} 25. Qe3 {[%clk 0:01:26]} Nh5 {[%clk 0:01:05]} 26. Ne2
{[%clk 0:01:24]} Rxd2 {[%clk 0:00:57]} 27. Qxd2 {[%clk 0:01:25]} Bc6
{[%clk 0:00:54]} 28. Qd6 {[%clk 0:01:17]} Qb7 {[%clk 0:00:47]} 29. Qd3
{[%clk 0:01:10]} h6 {[%clk 0:00:42]} 30. b3 {[%clk 0:01:11]} b5 {[%clk 0:00:42]}
31. Rc1 {[%clk 0:01:05]} bxc4 {[%clk 0:00:42]} 32. Qxc4 Rc8 {[%clk 0:00:41]} 33.
Qg4 {[%clk 0:00:56]} Nf6 {[%clk 0:00:42]} 34. Qf4 {[%clk 0:00:57]} Bb5
{[%clk 0:00:37]} 35. Rxc8+ Qxc8 {[%clk 0:00:39]} 36. Qd6 {[%clk 0:00:52]} Qc2
{[%clk 0:00:37]} 37. Qe5 {[%clk 0:00:49]} Qd1 {[%clk 0:00:37]} 38. Kg1
{[%clk 0:00:49]} Nd5 {[%clk 0:00:34]} 39. Kf2 {[%clk 0:00:48]} Qd2
{[%clk 0:00:30]} 40. Kg1 {[%clk 0:00:45]} Ne3 {[%clk 0:00:30]} 41. Kf2
{[%clk 0:00:37]} Nd5 {[%clk 0:00:24]} 42. Kg1 {[%clk 0:00:37]} Qe1
{[%clk 0:00:19]} 43. Qb8+ {[%clk 0:00:25]} Kh7 {[%clk 0:00:20]} 44. Qe5
{[%clk 0:00:27]} Qd2 {[%clk 0:00:14]} 45. Kh2 {[%clk 0:00:20]} Ne3
{[%clk 0:00:15]} 46. Kg1 {[%clk 0:00:19]} Bxe2 47. Bxe2 {[%clk 0:00:09]} Qxe2
{[%clk 0:00:16]} 48. Qe4+ {[%clk 0:00:00]} f5 {[%clk 0:00:16]} 0-1

[Event "MPJ-Blitz-D12"]
[Site "Katowice"]
[Date "2015.08.15"]
[Round "11.4"]
[White "Jarocka, Liwia"]
[Black "Tomczak, Marta"]
[Result "1-0"]
[BlackElo "1276"]
[WhiteElo "1510"]

1. e4 {[%clk 0:03:03]} c5 {[%clk 0:03:04]} 2. Nf3 {[%clk 0:03:05]} Nc6 3. d4 cxd4
{[%clk 0:03:06]} 4. Nxd4 {[%clk 0:03:07]} e5 {[%clk 0:03:07]} 5. Nb5
{[%clk 0:03:07]} a6 {[%clk 0:03:08]} 6. Nd6+ {[%clk 0:03:07]} Bxd6
{[%clk 0:03:09]} 7. Qxd6 {[%clk 0:03:08]} Qe7 {[%clk 0:03:10]} 8. Qxe7+
{[%clk 0:03:09]} Ngxe7 {[%clk 0:03:10]} 9. Nc3 {[%clk 0:03:09]} d5
{[%clk 0:03:11]} 10. exd5 {[%clk 0:03:04]} Nb4 {[%clk 0:03:12]} 11. Bd3
{[%clk 0:03:05]} Nbxd5 {[%clk 0:03:13]} 12. Nxd5 {[%clk 0:03:02]} Nxd5
{[%clk 0:03:13]} 13. O-O {[%clk 0:02:58]} O-O {[%clk 0:03:05]} 14. Re1
{[%clk 0:02:58]} Re8 {[%clk 0:03:06]} 15. Bd2 {[%clk 0:02:55]} Nf6
{[%clk 0:03:06]} 16. h3 {[%clk 0:02:52]} g6 {[%clk 0:03:03]} 17. Re2
{[%clk 0:02:50]} b5 {[%clk 0:02:37]} 18. Bc3 {[%clk 0:02:48]} Nd7
{[%clk 0:02:18]} 19. a3 {[%clk 0:02:41]} Bb7 {[%clk 0:02:07]} 20. Rae1
{[%clk 0:02:41]} f6 {[%clk 0:02:03]} 21. f4 {[%clk 0:02:36]} Nc5 {[%clk 0:01:24]}
22. fxe5 {[%clk 0:02:37]} Nxd3 {[%clk 0:01:25]} 23. cxd3 {[%clk 0:02:38]} fxe5
{[%clk 0:01:26]} 24. Rxe5 {[%clk 0:02:37]} Rxe5 {[%clk 0:01:25]} 25. Rxe5
{[%clk 0:02:38]} Rd8 {[%clk 0:01:24]} 26. Re7 {[%clk 0:02:32]} Bc6
{[%clk 0:01:14]} 27. Rc7 {[%clk 0:02:31]} Be8 {[%clk 0:01:09]} 28. d4
{[%clk 0:02:26]} Bf7 {[%clk 0:01:06]} 29. Rc6 {[%clk 0:02:20]} Ra8
{[%clk 0:01:05]} 30. Rc7 {[%clk 0:02:13]} Re8 {[%clk 0:00:58]} 31. Kf2
{[%clk 0:02:12]} Ra8 {[%clk 0:00:55]} 32. Ke3 {[%clk 0:02:09]} Kf8
{[%clk 0:00:55]} 33. Bb4+ {[%clk 0:02:11]} Kg8 {[%clk 0:00:53]} 34. Kf4
{[%clk 0:02:09]} a5 {[%clk 0:00:52]} 35. Bc3 {[%clk 0:02:05]} a4 {[%clk 0:00:50]}
36. Kg5 {[%clk 0:01:59]} Bd5 {[%clk 0:00:46]} 37. g3 {[%clk 0:01:50]} Rf8
{[%clk 0:00:43]} 38. Kg4 {[%clk 0:01:36]} Be6+ {[%clk 0:00:42]} 39. Kh4
{[%clk 0:01:34]} h6 {[%clk 0:00:25]} 40. g4 {[%clk 0:00:41]} Bf7 {[%clk 0:00:15]}
41. Kg3 {[%clk 0:00:40]} h5 {[%clk 0:00:14]} 42. gxh5 {[%clk 0:00:40]} gxh5
{[%clk 0:00:15]} 43. d5 {[%clk 0:00:35]} Bxd5 {[%clk 0:00:08]} 44. Rg7+
{[%clk 0:00:35]} Kh8 {[%clk 0:00:09]} 45. Rg5+ {[%clk 0:00:32]} Kh7
{[%clk 0:00:08]} 46. Rxd5 {[%clk 0:00:32]} Rg8+ {[%clk 0:00:07]} 47. Kh2
{[%clk 0:00:32]} Rb8 {[%clk 0:00:06]} 48. Rxh5+ {[%clk 0:00:33]} Kg6
{[%clk 0:00:06]} 49. Rd5 {[%clk 0:00:33]} Kh6 {[%clk 0:00:06]} 50. Kg3
{[%clk 0:00:33]} Rb7 {[%clk 0:00:07]} 51. Bd2+ {[%clk 0:00:30]} Kh7
{[%clk 0:00:03]} 52. Rh5+ {[%clk 0:00:31]} Kg6 {[%clk 0:00:04]} 53. Rc5
{[%clk 0:00:32]} Kf6 {[%clk 0:00:04]} 54. Bc3+ {[%clk 0:00:33]} Kg6
{[%clk 0:00:04]} 55. Kf3 {[%clk 0:00:34]} Kf7 {[%clk 0:00:05]} 56. Ke4
{[%clk 0:00:34]} Ke6 {[%clk 0:00:06]} 57. Re5+ {[%clk 0:00:34]} Kd7
{[%clk 0:00:06]} 58. Kd4 {[%clk 0:00:36]} Kd6 {[%clk 0:00:06]} 59. Rd5+
{[%clk 0:00:36]} Ke6 {[%clk 0:00:07]} 60. Rh5 {[%clk 0:00:30]} Kd6
{[%clk 0:00:07]} 61. Rh6+ {[%clk 0:00:31]} Kc7 {[%clk 0:00:07]} 62. Rh7+
{[%clk 0:00:32]} Kc6 {[%clk 0:00:09]} 63. Rxb7 {[%clk 0:00:33]} Kxb7
{[%clk 0:00:10]} 64. h4 {[%clk 0:00:34]} Kc7 {[%clk 0:00:11]} 65. Kc5
{[%clk 0:00:35]} Kb7 {[%clk 0:00:12]} 66. Kxb5 {[%clk 0:00:36]} Kc7
{[%clk 0:00:14]} 67. h5 {[%clk 0:00:38]} Kd7 {[%clk 0:00:15]} 68. h6
{[%clk 0:00:39]} Ke7 {[%clk 0:00:17]} 69. h7 {[%clk 0:00:40]} Kf7 1-0

[Event "MPJ-Blitz-D12"]
[Site "Katowice"]
[Date "2015.08.15"]
[Round "11.5"]
[White "Pazdzierz, Klaudia"]
[Black "Budkiewicz, Magdalena"]
[Result "1-0"]
[BlackElo "1412"]
[WhiteElo "1236"]

1. e4 c5 2. Nf3 d6 3. d4 cxd4 4. Nxd4 Nf6 5. Nc3 e6 6. Bc4 a6 7. Bb3 Be7 8. Bg5
O-O 9. Qd2 Qc7 10. O-O-O b5 11. f3 Rd8 12. Kb1 Nc6 13. g4 Ne5 14. Qe2 Nc4 15. h4
Bb7 16. Bxf6 Bxf6 17. g5 Be7 18. Rhg1 Bc8 19. h5 Rb8 20. g6 fxg6 21. hxg6 h6 22.
f4 Bf6 23. f5 e5 24. Ne6 Bxe6 25. fxe6 Qc6 1-0